| 000 | 00520nam a2200205Ia 4500 | ||
|---|---|---|---|
| 003 | GCL | ||
| 040 |
_aGCL / _cGCL |
||
| 082 | 0 | 4 |
_aCC _b932 _bF D |
| 100 | 1 | _aFEUCHT, ERIKA | |
| 245 | 1 | 0 |
_aDAS KINDIM ALTEN AGYPTEN / _cFEUCHT, ERIKA |
| 260 |
_a[S.N] : _bCAMPUS VERLAG ، _c1995 |
||
| 300 | _a510 P | ||
| 650 | 0 | 4 | _aANCIENT EGYPT - FAMILY |
| 650 | 0 | 4 | _aANCIENT EGYPT - CHILD |
| 650 | 0 | 4 | _aANCIENT EGYPT |
| 650 | 0 | 4 | _aEGYPTOLOGY |
| 650 | 0 | 4 | _aCHILDREN - ANCIENT EGYPT |
| 650 | 0 | 4 | _aEGYPT - HISTORY |
| 942 |
_2ddc _cBK |
||
| 999 |
_c12520 _d12520 |
||